Classroom art 1, grades K-3 : (Record no. 103856)
[ view plain ]
| 000 -LEADER | |
|---|---|
| fixed length control field | 00604nam a2200181 a 4500 |
| 005 - DATE AND TIME OF LATEST TRANSACTION | |
| control field | 20140412111309.0 |
| 008 - FIXED-LENGTH DATA ELEMENTS--GENERAL INFORMATION | |
| fixed length control field | 010418s19uu xx 00 eng d |
| 020 ## - INTERNATIONAL STANDARD BOOK NUMBER | |
| International Standard Book Number | 0-89134-703-8 |
| 050 ## - LIBRARY OF CONGRESS CALL NUMBER | |
| Classification number | TR(GS 707 |
| Item number | Cl568 1996 |
| 245 ## - TITLE STATEMENT | |
| Title | Classroom art 1, grades K-3 : |
| Remainder of title | hundreds of copyright-free illustrations-all ready to use!. |
| 260 ## - PUBLICATION, DISTRIBUTION, ETC. (IMPRINT) | |
| Place of publication, distribution, etc | Cincinnati, OH : |
| Name of publisher, distributor, etc | F & W Publications, |
| Date of publication, distribution, etc | 1996. |
| 300 ## - PHYSICAL DESCRIPTION | |
| Extent | 1 v. (unp.); col. ill. |
| 440 ## - SERIES STATEMENT/ADDED ENTRY--TITLE | |
| Title | North Light Clip & Scan art series |
| 650 ## - SUBJECT ADDED ENTRY--TOPICAL TERM | |
| Topical term or geographic name as entry element | Art activities, grades K-3 |
| 650 ## - SUBJECT ADDED ENTRY--TOPICAL TERM | |
| Topical term or geographic name as entry element | Painting, grades K-3 |
| 650 ## - SUBJECT ADDED ENTRY--TOPICAL TERM | |
| Topical term or geographic name as entry element | Drawings, grades K-3 |
| Withdrawn status | Lost status | Damaged status | Home library | Current library | Shelving location | Date acquired | Source of acquisition | Cost, normal purchase price | Total Checkouts | Full call number | Barcode | Date last seen | Price effective from | Koha item type |
|---|---|---|---|---|---|---|---|---|---|---|---|---|---|---|
| Elizalde Library | Elizalde Library | Teachers Reference Section | 04/18/2001 | 169.50 | TR(GS 707 Cl568 1996 | E6017 | 04/12/2014 | 04/12/2014 | Books |